Arequipa moderna y contemporánea II : (Registro nro. 22091)
[ vista simple ]
| 000 -Cabecera | |
|---|---|
| Campo de control interno | 01146nam a2200265Ia 4500 |
| 005 - Fecha y hora del registro | |
| control field | 20260320113342.0 |
| 008 - Elementos de Longitud Fija | |
| fixed length control field | 260320s9999||||xx |||||||||||||| ||und|| |
| 020 ## - ISBN | |
| ISBN | 9786125136787 |
| 041 ## - Idioma | |
| Codigo Idioma | ESP |
| 082 ## - DEWEY y NOTACIÓN INTERNA | |
| Dewey | 720.98541 |
| Notación Interna | Z55 |
| 100 ## - AUTOR | |
| Autor denominación | Zeballos Velarde, Carlos Renzo, |
| Término de relación | autor |
| 245 #0 - TÍTULO DE MATERIAL BIBLIOGRÁFICO | |
| Título | Arequipa moderna y contemporánea II : |
| Título paralelo | 1941-2025, una historia urbano arquitectónica |
| 246 ## - TÍTULO TRADUCIDO | |
| Título | |
| Título paralelo | |
| Autor | |
| 250 ## - EDICIÓN | |
| Edición | Primera edición |
| 260 ## - CIUDAD, EDITORIAL, AÑO | |
| Ciudad | Arequipa : |
| Nombre de la Editorial | Universidad Nacional de San Agustín, |
| Año | 2025 |
| 300 ## - DESCRIPCIÓN | |
| N° Páginas | 586 páginas : |
| Otros detalles | cuadros, figuras ; |
| Dimensiones | 27 cm. |
| Material Adicional | |
| 440 ## - MENCIÓN DE SERIE | |
| Título de la Serie | |
| Número de Serie | |
| Volumen de Serie | |
| 650 ## - TEMAS | |
| Temas | Las Artes |
| 653 ## - DESCRIPTORES | |
| Lenguajes no controlado | Arquitectura - Perú - Arequipa -Historia; Arquitectura moderna - Siglos XIX-XX; Urbanismo - Perú -Arequipa - Historia; Diseño arquitectónico - Perú - Arequipa - Historia; Arequipa (Perú : Departamento) - Monumentos históricos; Arequipa (Perú : Departamento) - Historia |
| 654 ## - PROGRAMAS | |
| Programa | Dpto. Arquitectura y Urbanismo |
| 700 ## - OTROS AUTORES | |
| Otros autores | |
| Títulos y otras palabras asociadas con el nombre | |
| 856 ## - URL - UBICACIÓN | |
| URI/URL: Enlace exacto del recurso | <a href="https://0u210rwpm-y-https-www-architectureopenlibrary-com.itmsp.museknowledge.com/">https://0u210rwpm-y-https-www-architectureopenlibrary-com.itmsp.museknowledge.com/</a> |
| Nota pública: Versión digital | <a href="Véase además: Base de datos Architecture Open Library">Véase además: Base de datos Architecture Open Library</a> |
| 942 ## - ELEMENTOS DE KOHA | |
| Tipo de documento | Libro |
| Nombre del creador | Justo Noguera |
| Código de catalogador | Tania Ramirez |
| Esquema de clasificación | Dewey Decimal Classification |
| Suppress in OPAC | |
| Codigo completo | Registro | Colección | Copia número | Disponibilidad | Tipo de préstamo | Biblioteca Actual | Procedencia (Biblioteca) | Ubicacón | Fecha Ingreso | Tipo de Adquisición | Observación | Date last seen | Total checkouts | Date last checked out | Price effective from | Tipo de Item | Estado del Material | Fuente de Clasificación | Damaged status | Withdrawn status |
|---|---|---|---|---|---|---|---|---|---|---|---|---|---|---|---|---|---|---|---|---|
| 720.98541 Z55 | 1088008 | Universidad Católica San Pablo | 1 | Disponible | Disponible | Víctor Andrés Belaunde | Víctor Andrés Belaunde | Segundo piso | 10/03/2026 | Donación | Carlos Zeballos | 20/04/2026 | 2 | 09/04/2026 | 20/03/2026 | Libro | Bueno | Dewey Decimal Classification |




